| 000 | 00000nam##2200000za#4500 |
| 001 | 9.593970 |
| 003 | CaOODSP |
| 005 | 20250403105047 |
| 007 | cr ||||||||||| |
| 008 | 150406|2006||||xxc|||||o f|0| 0 fre|d |
| 020 | |a0-662-72939-0 |
| 022 | |a1707-0511 |
| 040 | |aCaOODSP|bfre |
| 043 | |an-cn--- |
| 086 | 1 |aCS11-621/51F-PDF |
| 245 | 00|aLes cartes-cadeaux : |h[ressource électronique]|bun cadeau de choix / |cpar Daniel Bahta, Rhonda Tsang et Monica Weise. |
| 260 | |bStatistique Canada |c2006. |
| 300 | |a9p.|bgraphique, tableau |
| 490 | 1 |aAnalyse en bref|x1707-0511|vN° 51 |
| 500 | |aModifié (2006/12/05). |
| 590 | |a06-49|b2006-12-08 |
| 691 | 07|aProduit de consommation|2gcpds |
| 710 | 2 |aStatistique Canada. |
| 720 | 1 |aWeise, Monica |
| 720 | 1 |aBahta, Daniel |
| 720 | 1 |aTsang, Rhonda |
| 775 | 08|tGift cards : |w(CaOODSP)9.561370 |
| 830 | #0|aAnalyse en bref (Statistique Canada)|x1707-0511|vN° 51|w(CaOODSP)9.501126 |
| 856 | 40|ahttp://publications.gc.ca|qPDF|s174 Ko|uhttps://publications.gc.ca/collections/Collection/Statcan/11-621-M/11-621-MIF2006051.pdf|yN° 51 |